WPS: The best and worst countries for women 2019/20 - Statistics

General Stats
  • This quiz has been taken 86 times
  • The average score is 30 of 50
Answer Stats
Position Country % Correct
Best 1. Norway
93%
Best 9. Sweden
93%
Best 3. Finland
90%
Best 19. USA
90%
Best 7. United Kingdom
86%
Best 5. Iceland
83%
Best 11. Canada
81%
Best 16. Ireland
79%
Best 22. Australia
78%
Worst 6. Iraq
78%
Best 3. Denmark
76%
Best 17. Germany
76%
Worst 13. Niger
72%
Best 15. Spain
72%
Best 20. France
71%
Best 14. New Zealand
71%
Best 2. Switzerland
71%
Best 9. Netherlands
69%
Best 6. Austria
67%
Worst 22. Nigeria
66%
Worst 4. Pakistan
64%
Best 25. Poland
64%
Worst 3. Syria
64%
Worst 2. Afghanistan
62%
Best 8. Luxembourg
62%
Worst 11. Sudan
62%
Worst 10. Libya
60%
Worst 9. Mali
60%
Worst 14. Somalia
60%
Best 17. Portugal
59%
Worst 7. DR Congo
57%
Worst 1. Yemen
57%
Worst 16. Egypt
55%
Worst 19. Republic of Congo
53%
Worst 5. South Sudan
53%
Worst 25. Algeria
50%
Best 12. Estonia
50%
Worst 8. Central African Republic
47%
Best 23. Singapore
47%
Best 13. Slovenia
47%
Worst 12. Chad
43%
Best 21. Latvia
43%
Worst 16. Mauritania
38%
Worst 21. Lebanon
33%
Worst 18. Myanmar
28%
Worst 20. Cameroon
26%
Worst 22. Djibouti
24%
Best 24. Serbia
19%
Worst 24. Liberia
17%
Worst 15. Sierra Leone
14%
No matching quizzes found
Score Distribution
Percent of People with Each Score
Percentile by Number Answered
Your Score History
You have not taken this quiz